| 000 | 00669nam a22002177a 4500 | ||
|---|---|---|---|
| 999 |
_c11759 _d11759 |
||
| 003 | AR-CdUCM | ||
| 008 | 190404b ||||| |||| 00| 0 eng d | ||
| 040 |
_aMUNICIPALIDAD PROVINCIAL DEL CUSCO _cBIBLIOTECA MUNICIPAL DEL CUSCO |
||
| 082 |
_a848.4 / _bF53 / 1854 |
||
| 100 |
_aFils, D´ulysse _929272 |
||
| 245 | _aLes aventures de telémaque / | ||
| 260 |
_aNew-York : _bD. Appleton & Company, _c1854. |
||
| 300 |
_a393 páginas ; _c15 cm. |
||
| 500 | _aDedicatoria | ||
| 505 | _aContenido: t.2. Aventuras ... | ||
| 650 |
_aAventuras _927395 |
||
| 650 |
_aExploración _93569 |
||
| 700 |
_aFénelon, Par _929273 |
||
| 942 |
_2ddc _cLIBROS |
||
| 945 |
_aacv _d04/04/2019 |
||